000
00315nam a2200121Ia 4500
008
240624s9999 xx 000 0 und d
041
_a
eng
082
_a
650.14 RAN
100
_a
RANGNEKAR SHARU
245
_a
SOFT SKILLS IN MANAGEMENT
260
_c
2011
_a
New Delhi
_b
Shroff Pub & Dist. Pvt. Ltd
300
_a
150 : p.
999
_c
26581
_d
26581